000 00953nam a2200217 a 4500
001 000797892
003 AM-YEHGA
005 20250617164401.0
008 110323s1971 ru a r 000 1brus d
040 _aAM-YeHGA
041 0 _arus
100 1 _aЭлиот, Томас Стирис
_d1888-1965
245 1 0 _aБесплодная земля :
_bИзбранные стихотворения и поэмы /
_cТ.С. Элиот ; Пер. с англ. А. Сергеева ; Предисл. Я. Засурского ; Ред. В. Муравьев.
260 _aМосква :
_bПрогресс,
_c1971.
300 _a188 с. :
_bграф.
650 1 4 _aАмериканская литература
_xПоэзия
_xМодернизм
700 1 _aСергеев, Андрей
_eпер.
_4trl
700 1 _aЗасурский, Ясен Николаевич
_eпредисл.
_4aui
700 1 _aМуравьев, В.
_eред.
_4edt
090 _c526318
999 _c522719
_d522719